[Event "FIDE World Rapid-ch Open 2018"]
[White "Nakamura, Hikaru"]
[Black "Carlsen, Magnus"]
[Site "St. Petersburg"]
[Round "15.1"]
[Annotator "RC"]
[Result "1/2-1/2"]
[Date "2018.12.28"]
[WhiteElo "2746"]
[BlackElo "2835"]
[PlyCount "116"]
[TimeControl "900+10"]

1. d4 {[%emt 0:0:0]} d5 {[%emt 0:0:0]} 2. c4 {[%emt 0:0:0]} e6 {[%emt 0:0:0]} 3. Nf3 {[%emt 0:0:0]} a6 {[%emt 0:0:2]} 4. Bg5 {[%emt 0:0:0]} Be7 {[%emt 0:0:15]} 5. Bxe7 {[%emt 0:0:6]} Nxe7 {[%emt 0:0:29]} 6. e3 {[%emt 0:0:0]} 0-0 {[%emt 0:0:4]} 7. Nc3 {[%emt 0:0:7]} Nd7 {[%emt 0:0:29]} 8. Rc1 {[%emt 0:0:10]} dxc4 {[%emt 0:1:23]} 9. Bxc4 {[%emt 0:0:6]} c5 {[%emt 0:0:8]
} 10. dxc5 {[%emt 0:0:40]} Nxc5 {[%emt 0:0:2]} 11. b4 {[%emt 0:0:38]
} Qxd1+ {[%emt 0:0:23]} 12. Rxd1 {[%emt 0:0:15]} Nd7 {[%emt 0:0:0]} 13. 0-0 {[%emt 0:0:20]} b5 {[%emt 0:2:39]} 14. Bb3 {[%emt 0:2:15]} Nf6 {[%emt 0:0:28]} 15. Ne5 {[%emt 0:0:20]} Ra7 {[%emt 0:1:32]} 16. Nd3 {[%emt 0:0:15]
} Bb7 {[%emt 0:0:21]} 17. Nc5 {[%emt 0:0:36]} Bd5 {[%emt 0:0:0]} 18. Nxd5 {[%emt 0:2:14]} Nfxd5 {[%emt 0:0:31]} 19. a3 {[%emt 0:0:7]} a5 {[%emt 0:0:6]} 20. e4 {[%emt 0:1:54]} Nc3 {[%emt 0:1:12]} 21. Rd2 {[%emt 0:0:10]
} axb4 {[%emt 0:0:2]} 22. axb4 {[%emt 0:0:1]} Rfa8 {[%emt 0:0:0]} 23. Rc2 {[%emt 0:3:2]} Na2 {[%emt 0:0:11]} 24. Bxa2 {[%emt 0:0:33]} Rxa2 {[%emt 0:0:1]} 25. Rxa2 {[%emt 0:0:32]} Rxa2 {[%emt 0:0:1]} 26. g3 {[%emt 0:0:24]
} Nc6 {[%emt 0:1:51]} 27. Rc1 {[%emt 0:0:33]} Nxb4 {[%emt 0:0:0]} 28. Rb1 {[%emt 0:0:2]} Rc2 {[%emt 0:0:53]} 29. Nxe6 {[%emt 0:0:2]} Rc4 {[%emt 0:0:33]} 30. Nc7 {[%emt 0:1:1]} Rxc7 {[%emt 0:0:5]} 31. Rxb4 {[%emt 0:0:2]
} Rb7 {[%emt 0:0:8]} 32. Kf1 {[%emt 0:0:41]} Kf8 {[%emt 0:0:0]} 33. Ke2 {[%emt 0:0:22]} Ke7 {[%emt 0:0:1]} 34. e5 {[%emt 0:0:18]} Ke6 {[%emt 0:0:5]} 35. f4 {[%emt 0:0:1]} Kd5 {[%emt 0:0:3]} 36. Kd3 {[%emt 0:0:0]} Kc5 {[%emt 0:0:4]} 37. Re4 {[%emt 0:0:37]} b4 {[%emt 0:1:50]} 38. Kc2 {[%emt 0:0:7]} Ra7 {[%emt 0:0:59]} 39. Kb2 {[%emt 0:0:15]} Rd7 {[%emt 0:0:3]
} 40. Re2 {[%emt 0:0:17]} g6 {[%emt 0:0:22]} 41. g4 {[%emt 0:0:0]} Ra7 {[%emt 0:0:52]} 42. f5 {[%emt 0:0:22]} Kd5 {[%emt 0:0:11]} 43. e6 {[%emt 0:0:31]} fxe6 {[%emt 0:0:8]} 44. Rxe6 {[%emt 0:0:1]} gxf5 {[%emt 0:0:7]
} 45. gxf5 {[%emt 0:0:2]} Rf7 {[%emt 0:0:2]} 46. Kb3 {[%emt 0:0:24]
} h5 {[%emt 0:0:3]} 47. Kxb4 {[%emt 0:0:30]} Rxf5 {[%emt 0:0:0]} 48. Re3 {[%emt 0:0:11]} Kd4 {[%emt 0:0:43]} 49. Rh3 {[%emt 0:0:1]} Re5 {[%emt 0:0:8]} 50. Kb3 {[%emt 0:0:11]} Re3+ {[%emt 0:0:5]} 51. Rxe3 {[%emt 0:0:2]
} Kxe3 {[%emt 0:0:2]} 52. h4 {[%emt 0:0:6]} Kf3 {[%emt 0:0:0]} 53. Kc2 {[%emt 0:0:2]} Kg3 {[%emt 0:0:1]} 54. Kd2 {[%emt 0:0:1]} Kxh4 {[%emt 0:0:2]} 55. Ke1 {[%emt 0:0:2]} Kg3 {[%emt 0:0:1]} 56. Kf1 {[%emt 0:0:1]
} h4 {[%emt 0:0:4]} 57. Kg1 {[%emt 0:0:1]} h3 {[%emt 0:0:1]
} 58. Kh1 {[%emt 0:0:1]} h2 1/2-1/2

[Event "FIDE World Rapid-ch Open 2018"]
[White "Mamedyarov, Shakhriyar"]
[Black "Dubov, Daniil"]
[Site "St. Petersburg"]
[Round "15.2"]
[Annotator "TA"]
[Result "1/2-1/2"]
[Date "2018.12.28"]
[WhiteElo "2817"]
[BlackElo "2703"]
[PlyCount "47"]

1. d4 {
} d5 2. c4 e6 3. Nf3 Nf6 4. Bg5 h6 5. Bxf6 Qxf6 6. Nc3 c6 7. e3 Nd7 8. Be2 dxc4 9. 0-0 Bd6 10. Bxc4 Qe7 11. Rc1 0-0 12. Ne4 Bc7 13. Bb3 {[#] LiveBook:
18 Games} Kh8 $146 {D43: Semi-Slav: 5 Bg5 h6} ({Predecessor:} 13... Rd8 14. Qc2 a5 15. a3 Rb8 16. Rfd1 Nf8 17. Ne5 Bd7 18. Nxd7 Nxd7 19. g3 Nf6 20. Qc5 Qxc5 21. Nxf6+ gxf6 22. Rxc5 {1-0 (63) Carlsen,M (2765)-Shirov,A (2740) Foros 2008} )14. Nc5 Nxc5 15. Rxc5 Rd8 16. Qc2 Bd7 17. Qe4 Bd6 {The position is equal.} 18. Rc3 Rac8 19. Rfc1 Be8 20. h3 Rc7 21. a3 Rdc8 22. Bc2 { 
[#]} g6 23. Nd2 c5 24. Bb3 {Accuracy: White = 25%, Black = 53%.} 1/2-1/2

[Event "FIDE World Rapid-ch Open 2018"]
[White "Karjakin, Sergey"]
[Black "Artemiev, Vladislav"]
[Site "St. Petersburg"]
[Round "15.3"]
[Annotator "TA"]
[Result "1/2-1/2"]
[Date "2018.12.28"]
[WhiteElo "2753"]
[BlackElo "2709"]
[PlyCount "107"]

1. e4 {} c5 2. Nf3 d6 3. d4 cxd4 4. Nxd4 Nf6 5. Nc3 a6 6. a4 g6 7. Be2 Bg7 8. 0-0 0-0 9. Be3 Nc6 10. Qd2 Bd7 {B90: Sicilian Najdorf: Unusual White 6th moves, 6 Be3
Ng4 and 6 Be3 e5} (10... Nxd4 11. Bxd4 Be6 12. a5 Rc8 13. Rfd1 Qc7 14. h3 Rfe8 15. Ra3 Nd7 16. Bxg7 Kxg7 17. Qd4+ Kg8 18. Rd2 {0-1 (85) Adams,M (2715)
-Nepomniachtchi,I (2729) London 2017} )11. Rfd1 Rc8 12. Nxc6 Bxc6 13. f3 Nd7 {
LiveBook: 12 Games} 14. Bd4 Bxd4+ 15. Qxd4 Qb6 $146 ({Predecessor:} 15... Nc5 16. a5 Ne6 17. Qe3 Qc7 18. h4 Rfe8 19. Bc4 Bd7 {0-1 (74) Iannello,A (1924)
-Violi,V (1839) Erice 2014} )16. Qxb6 Nxb6 17. a5 Nd7 18. Rd2 Rc7 19. b3 f5 20. exf5 Rxf5 21. Nd1 Nf6 22. c4 g5 23. b4 Bd7 24. Ne3 Re5 25. Ra3 Rc8 26. Rd4 Kg7 27. Kf2 Rb8 28. h4 h6 29. Nc2 Rf8 30. Ke1 Nh5 31. hxg5 hxg5 32. Re3 Rxe3 33. Nxe3 Nf4 34. Bf1 Be6 35. Kf2 {The position is equal.} Rh8 36. c5 dxc5 37. bxc5 Rc8 38. Re4 {[#] Strongly threatening g3.} Rc6 $1 39. g3 Ng6 40. f4 gxf4 41. gxf4 Kf6 42. Bc4 Bxc4 43. Rxc4 $11 { Endgame KRN-KRN} e5 44. Ng4+ Ke6 45. Nxe5 Nxe5 46. fxe5 Kxe5 {KR-KR} 47. Rb4 Rc7 48. Ke3 Kd5 49. Kd3 Kxc5 50. Rc4+ Kd6 {[#] ...Rxc4 is the strong threat.} 51. Rxc7 Kxc7 52. Kc3 $1 Kd7 53. Kd3 $1 Ke7 (53... Kd6 $5 54. Kd4 $8 Kc7 $11 )54. Ke3 {Accuracy: White =
75%, Black = 70%.} 1/2-1/2

[Event "FIDE World Rapid-ch Open 2018"]
[White "Ponkratov, Pavel"]
[Black "Yu, Yangyi"]
[Site "St. Petersburg"]
[Round "15.4"]
[Annotator "TA"]
[Result "1/2-1/2"]
[Date "2018.12.28"]
[WhiteElo "2630"]
[BlackElo "2764"]
[PlyCount "83"]

1. d4 {} Nf6 2. c4 e6 3. Nf3 d5 4. g3 dxc4 5. Bg2 c5 6. 0-0 Nc6 7. Na3 cxd4 8. Nxc4 Be7 {LiveBook: 22
Games} 9. Qc2 $146 {E04: Open Catalan: 5 Nf3} (9. b3 $11 )({Predecessor:} 9. b3 Ne4 10. Bb2 Nc3 11. Qd2 Bf6 12. Ba3 Nb5 13. Bc5 Be7 14. Bxe7 Qxe7 15. a4 Nc3 16. Rfe1 Ne4 {1/2-1/2 (36) Dubov,D (2666)-Fridman,D (2640) Tbilisi 2017} )d3 10. exd3 0-0 11. d4 Bd7 12. Qb3 Nb4 13. Nfe5 Bc6 14. Nxc6 bxc6 15. Rd1 Rb8 ({Better is} 15... Rc8 $14 )16. Qa4 Nbd5 17. Ne5 Qb6 18. Nxc6 Rbc8 19. Nxe7+ Nxe7 20. Bd2 Qxb2 21. Rab1 Qc2 22. Qxc2 Rxc2 23. Rb7 Nc8 24. a3 h6 25. Bb4 Rd8 26. Bf3 Nd5 27. Ba5 Re8 28. Re1 {[#] Threatens to win with Bxd5.} Nce7 29. Rxa7 Nc6 30. Ra6 {Hoping for Bxd5.} Rc8 31. Bxd5 exd5 32. Rd1 Re8 33. Rd2 Rxd2 34. Bxd2 Nxd4 $11 { [#] Endgame ...Nf3+ is the strong threat. KRB-KRN} 35. Kg2 Re2 36. Bb4 Ra2 37. Rd6 Nc2 $1 {The position is equal.} 38. Bc5 Ne1+ 39. Kf1 Nd3 40. Rxd5 Nxc5 41. Rxc5 Rxa3 42. Kg2 {Accuracy: White = 66%, Black
= 51%.} 1/2-1/2

[Event "FIDE World Rapid-ch Open 2018"]
[White "Giri, Anish"]
[Black "Korobov, Anton"]
[Site "St. Petersburg"]
[Round "15.5"]
[Annotator "TA"]
[Result "1/2-1/2"]
[Date "2018.12.28"]
[WhiteElo "2783"]
[BlackElo "2698"]
[PlyCount "57"]

1. e4 {} c5 2. Nf3 Nc6 3. Bb5 Qb6 4. Nc3 e6 5. 0-0 Nge7 6. Re1 Nd4 7. a4 {LiveBook: 4
Games. B30: Sicilian: 2...Nc6 3 Bb5, lines without ...g6} (7. Ba4 a6 8. d3 Nec6 9. Bf4 Qd8 10. Nd5 d6 11. Bg5 Qa5 12. Nxd4 cxd4 13. Bxc6+ bxc6 14. b4 Qa4 {
1-0 (27) Bacrot,E (2696)-Lazarev,V (2362) Balagna 2017} )Nec6 8. Bxc6 Qxc6 9. d3 $146 {White is slightly better.} ({Predecessor:} 9. Nd5 Qd6 10. Ne3 Be7 11. b3 Qc6 12. Nxd4 cxd4 13. Nd5 exd5 14. exd5 Qxd5 {0-1 (22) Mishra,S (2299)
-Braschi,G (2172) Cochin 2004} )Be7 10. Nxd4 $1 cxd4 11. Nb5 e5 12. c3 dxc3 13. bxc3 ({Better is} 13. Nxc3 $16 d6 14. d4 )0-0 $14 14. c4 f5 15. exf5 d6 16. Be3 b6 17. a5 Bxf5 18. axb6 axb6 {[#] ...Rxa1 is the strong threat.
} 19. Qb3 Kh8 20. Nc3 Rxa1 ({Don't play} 20... Bxd3 $6 21. Rxa8 Qxa8 22. Nd5 $16 )21. Rxa1 Ra8 22. Rd1 Bd8 23. f3 h6 24. Qb5 Bd7 25. Rb1 Ra3 26. Qb4 Ra6 27. Nd5 (27. Re1 $14 )Bf5 28. Qc3 {[#] Strongly threatening Nb4.} Qa8 29. Bxb6 {Accuracy: White = 58%, Black = 58%.} 1/2-1/2

[Event "FIDE World Rapid-ch Open 2018"]
[White "Kamsky, Gata"]
[Black "Matlakov, Maxim"]
[Site "St. Petersburg"]
[Round "15.6"]
[Annotator "RC"]
[Result "1/2-1/2"]
[Date "2018.12.28"]
[WhiteElo "2666"]
[BlackElo "2700"]
[PlyCount "73"]
[TimeControl "900+10"]

1. d4 {[%emt 0:0:0]} Nf6 {[%emt 0:0:0]} 2. Nf3 {[%emt 0:0:0]} d5 {[%emt 0:0:0]
} 3. Bf4 {[%emt 0:0:0]} Bf5 {[%emt 0:0:0]} 4. e3 {[%emt 0:0:0]} e6 {[%emt 0:0:0]} 5. c4 {[%emt 0:0:2]} Bd6 {[%emt 0:0:4]} 6. Bg3 {[%emt 0:0:26]
} 0-0 {[%emt 0:0:29]} 7. Nc3 {[%emt 0:0:2]} c6 {[%emt 0:1:3]
} 8. Qb3 {[%emt 0:0:16]} Bxg3 {[%emt 0:1:16]} 9. hxg3 {[%emt 0:0:2]} Nbd7 {[%emt 0:0:21]
} 10. Be2 {[%emt 0:0:14]} Rb8 {[%emt 0:1:2]} 11. a4 {[%emt 0:0:0]} h6 {[%emt 0:0:41]} 12. 0-0 {[%emt 0:0:9]} a5 {[%emt 0:0:38]} 13. Rfd1 {[%emt 0:1:1]} Re8 {[%emt 0:0:40]} 14. Qa3 {[%emt 0:0:15]} Ra8 {[%emt 0:1:14]
} 15. Rac1 {[%emt 0:0:39]} Nb8 {[%emt 0:0:14]} 16. Ne5 {[%emt 0:0:43]
} Na6 {[%emt 0:0:19]} 17. b3 {[%emt 0:2:34]} Nb4 {[%emt 0:0:0]} 18. Qb2 {[%emt 0:0:2]} Nd7 {[%emt 0:0:52]} 19. Nf3 {[%emt 0:0:51]} Qe7 {[%emt 0:0:7]} 20. Na2 {[%emt 0:0:7]} Nxa2 {[%emt 0:0:51]} 21. Qxa2 {[%emt 0:0:1]
} Bg4 {[%emt 0:0:1]} 22. Ne1 {[%emt 0:0:21]} Bxe2 {[%emt 0:0:0]} 23. Qxe2 {[%emt 0:0:2]} Nb6 {[%emt 0:0:20]} 24. Nd3 {[%emt 0:0:27]} Red8 {[%emt 0:0:52]} 25. Qc2 {[%emt 0:0:6]} Nd7 {[%emt 0:0:13]} 26. Rb1 {[%emt 0:0:12]
} Qd6 {[%emt 0:0:12]} 27. Qe2 {[%emt 0:1:45]} Nf6 {[%emt 0:0:0]} 28. Rdc1 {[%emt 0:0:10]} Ne4 {[%emt 0:0:8]} 29. Rc2 {[%emt 0:0:3]} Ra7 {[%emt 0:0:15]} 30. g4 {[%emt 0:0:5]} Re8 {[%emt 0:0:16]} 31. Qf3 {[%emt 0:0:33]
} Raa8 {[%emt 0:1:1]} 32. Qf4 {[%emt 0:0:26]} Qe7 {[%emt 0:0:0]} 33. f3 {[%emt 0:0:23]} Nf6 {[%emt 0:0:7]} 34. Kf2 {[%emt 0:1:21]} Ra6 {[%emt 0:0:13]} 35. Kg1 {[%emt 0:0:14]} Rb6 {[%emt 0:0:17]} 36. c5 {[%emt 0:0:0]} Ra6 {[%emt 0:0:3]} 37. Qg3 {[%emt 0:0:9]} 1/2-1/2

[Event "FIDE World Rapid-ch Open 2018"]
[White "Wang, Hao"]
[Black "Cheparinov, Ivan"]
[Site "St. Petersburg"]
[Round "15.7"]
[Annotator "TA"]
[Result "1/2-1/2"]
[Date "2018.12.28"]
[WhiteElo "2730"]
[BlackElo "2709"]
[PlyCount "103"]

1. e4 {} e5 2. Bc4 Nf6 3. d3 Bc5 4. Nf3 Nc6 5. c3 d6 6. 0-0 0-0 7. h3 h6 8. Re1 a5 {C54: Giuoco Piano: 4 c3 Nf6, main lines with 5 d4
and 5 d3} 9. Bb3 Re8 (9... Bd7 10. Nbd2 a4 11. Bc2 b5 12. Nf1 Bb6 13. Ng3 Ne7 14. d4 Ng6 15. Be3 Re8 16. Qd2 {1-0 (45) Aronian,L (2767)-Caruana,F (2822)
chess.com INT 2018} )10. Nbd2 Be6 11. Ba4 Qb8 {LiveBook: 3 Games} 12. Nf1 b5 13. Bc2 Qb6 $146 ({Predecessor:} 13... Qa7 14. Qe2 d5 15. Nh4 d4 16. Ng3 {
0-1 (33) Domingo Nunez,A (2373)-Merario Alarcon,A (2406) Linares 2018} )14. Qe2 Rad8 15. Ng3 d5 16. Nh4 d4 17. Qf3 dxc3 18. bxc3 b4 19. Bxh6 bxc3 20. Be3 {[#]} Nd4 ({Better is} 20... Nb4 $1 $17 {} 21. Bxc5 Qxc5 )21. Bxd4 $1 $15 Bxd4 22. Nhf5 Bxf5 23. Nxf5 g6 24. Ne3 Kg7 25. Bb3 Bxe3 26. Rxe3 Qd4 27. Rc1 a4 28. Bc4 Rb8 29. Qd1 Rb2 30. Qxa4 Reb8 31. Qa3 (31. Rf3 $11 {was the only way
to keep the balance.} )Rb1 $17 32. Kh2 {[#]} Rxc1 (32... c2 $1 $17 {
Threatens to win with ...Ra8!} 33. Rxc2 Rh8 )33. Qxc1 $11 Rb2 34. Rf3 $36 {
 White has good play.} Rxf2 35. Rxf2 Qxf2 36. Qxc3 Kh7 (36... Nh5 $5 {} 37. Qxe5+ { Double Attack} f6 38. Qxc7+ Kh6 $11 )37. Qc1 Nh5 $1 38. Qg5 f6 39. Qg4 Nf4 40. Qf3 Qe1 41. d4 Qc1 (41... Kg7 $14 )42. dxe5 $16 fxe5 43. Bf1 ({White should play} 43. Bb3 $16 )c5 $1 $11 44. a4 { Qf2 is the strong threat.} c4 {
The position is equal.} 45. a5 {Strongly threatening Qf2.} c3 46. a6 c2 $1 47. a7 Qa1 48. Qb3 $1 {} c1=Q 49. Qf7+ Kh6 50. Qf8+ Kh7 $1 51. Qf7+ Kh6 {( -> ...Qc8)} 52. Qf8+ {Accuracy: White = 53%, Black = 60%.} 1/2-1/2

[Event "FIDE World Rapid-ch Open 2018"]
[White "Duda, Jan-Krzysztof"]
[Black "Svidler, Peter"]
[Site "St. Petersburg"]
[Round "15.8"]
[Annotator "TA"]
[Result "1-0"]
[Date "2018.12.28"]
[WhiteElo "2738"]
[BlackElo "2737"]
[PlyCount "71"]

1. c4 {} e5 2. Nc3 Nc6 3. Nf3 Nf6 4. e3 Bb4 5. Qc2 Bxc3 6. Qxc3 Qe7 7. d4 {A28: English Opening: Four Knights Variation} Ne4 8. Qd3 exd4 9. Nxd4 Qb4+ (9... 0-0 10. Be2 Qb4+ 11. Kf1 Qe7 12. f3 f5 13. Qd1 Nc5 14. Kf2 d6 {
1/2-1/2 (23) Caruana,F (2827)-Ding,L (2804) Batumi 2018} )10. Bd2 Nxd2 11. Qxd2 {LiveBook: 4 Games} Qe7 $146 ({Predecessor:} 11... Nxd4 12. exd4 a5 13. a3 Qxd2+ 14. Kxd2 d6 {1-0 (42) Oparin,G (2624)-Sarana,A (2641) Sochi 2018} )12. Nxc6 bxc6 13. Qc3 0-0 14. c5 a5 15. Bd3 Ba6 16. Bxa6 Rxa6 17. 0-0 {} d5 18. cxd6 cxd6 19. Rfd1 c5 20. Rd2 a4 21. Qc4 Rfa8 22. Rad1 Rb6 23. g3 h6 24. h4 Raa6 25. Rd5 Qb7 26. R1d2 Rb4 27. Qc2 {Hoping for
Rxc5!} Qe7 28. Qd1 {} Qe4 29. a3 $36 { White is more
active.} Rb3 30. Qe2 Rbb6 31. h5 Qe6 32. Qd3 Qg4 ({Black should try} 32... Kh8 $14 )33. Kg2 (33. Rf5 $1 $18 )c4 (33... Qe6 $14 )34. Qc2 $16 Rc6 {[#]} (34... Qc8 $16 {might work better.} )35. e4 $1 $18 f6 $2 { [#]} (35... Qc8 $16 )36. Rf5 $1 {Accuracy: White = 70%, Black = 43%.} 1-0

[Event "FIDE World Rapid-ch Open 2018"]
[White "Paravyan, David"]
[Black "Grischuk, Alexander"]
[Site "St. Petersburg"]
[Round "15.9"]
[Annotator "TA"]
[Result "0-1"]
[Date "2018.12.28"]
[WhiteElo "2634"]
[BlackElo "2771"]
[PlyCount "68"]

1. d4 {} Nf6 2. c4 g6 3. Nc3 Bg7 4. e4 d6 5. h3 Nbd7 6. Nf3 e5 7. d5 Nc5 8. Qc2 a5 9. Be3 0-0 10. 0-0-0 Nh5 11. g3 {E90: King's Indian: Classical: Early deviations and 6 h3} f5 12. Bxc5 dxc5 13. Be2 {White is slightly better.} Nf6 14. Nd2 Ne8 $146 (14... Bh6 $11 )({Predecessor:} 14... a4 15. a3 Bh6 16. Kb1 Ne8 17. exf5 gxf5 18. Nxa4 {0-1 (45)
Vallejos,J (1917)-Matsuura,E (2473) Sao Paulo 2014} )15. exf5 (15. h4 $16 )gxf5 $14 16. g4 Nd6 17. Rhg1 Kh8 18. gxf5 (18. f3 $11 )Bxf5 $15 19. Bd3 Bh6 20. Bxf5 Rxf5 21. Rg2 Qh4 22. Kb1 Bxd2 23. Qxd2 Nxc4 24. Qc2 Nd6 $1 25. Nb5 Raf8 (25... Rf7 $1 $17 26. Nc3 Rg8 27. Rxg8+ Kxg8 28. Rg1+ Kf8 )26. Nxc7 Rxf2 27. Rxf2 Qxf2 28. Qc3 {[#]} ({White should play} 28. Ne6 $15 Qxc2+ 29. Kxc2 )Qe2 $1 $36 { Keeping White busy.} 29. Rc1 Rf1 30. a3 b6 31. Rxf1 Qxf1+ 32. Ka2 {[#]} Qc4+ $1 33. Qxc4 Nxc4 34. Na8 $2 {
} (34. Ne8 $17 {is more resistant.} Kg8 35. Nf6+ Kg7 36. Ne4 )e4 {Accuracy: White = 32%, Black = 65%.} 0-1

[Event "FIDE World Rapid-ch Open 2018"]
[White "Jakovenko, Dmitry"]
[Black "Salem, A.R. Saleh"]
[Site "St. Petersburg"]
[Round "15.10"]
[Annotator "ChessBase"]
[Result "1-0"]
[Date "2018.12.28"]
[WhiteElo "2735"]
[BlackElo "2660"]
[PlyCount "75"]
[TimeControl "900+10"]

1. Nf3 {[%emt 0:0:0]} c5 {[%emt 0:0:0]} 2. c4 {[%emt 0:0:0]} Nf6 {[%emt 0:0:0]
} 3. Nc3 {[%emt 0:0:0]} d5 {[%emt 0:0:0]} 4. cxd5 {[%emt 0:0:0]} Nxd5 {[%emt 0:0:0]} 5. e3 {[%emt 0:0:2]} e6 {[%emt 0:0:0]} 6. d4 {[%emt 0:0:4]} Be7 {[%emt 0:0:13]} 7. Bd3 {[%emt 0:0:51]} 0-0 {[%emt 0:0:0]} 8. 0-0 {[%emt 0:0:22]} Nc6 {[%emt 0:0:2]} 9. a3 {[%emt 0:0:38]} b6 {[%emt 0:0:1]
} 10. Qc2 {[%emt 0:0:7]} Nxc3 {[%emt 0:0:2]} 11. bxc3 {[%emt 0:0:11]
} g6 {[%emt 0:0:1]} 12. Bb2 {[%emt 0:0:35]} Bb7 {[%emt 0:0:0]} 13. Qe2 {[%emt 0:0:14]} Qc7 {[%emt 0:0:11]} 14. Rad1 {[%emt 0:0:18]} Rfd8 {[%emt 0:0:3]} 15. h4 {[%emt 0:0:23]} Rac8 {[%emt 0:0:2]} 16. h5 {[%emt 0:0:24]
} Rd5 {[%emt 0:0:2]} 17. hxg6 {[%emt 0:0:50]} hxg6 {[%emt 0:0:0]} 18. e4 {[%emt 0:0:21]} Rh5 {[%emt 0:0:2]} 19. g3 {[%emt 0:0:15]} Na5 {[%emt 0:2:6]} 20. Kg2 {[%emt 0:0:21]} cxd4 {[%emt 0:0:2]} 21. cxd4 {[%emt 0:0:5]
} Nc4 {[%emt 0:0:6]} 22. Ba1 {[%emt 0:0:22]} b5 {[%emt 0:0:0]} 23. Rh1 {[%emt 0:0:55]} Rxh1 {[%emt 0:0:3]} 24. Rxh1 {[%emt 0:0:2]} Bf6 {[%emt 0:0:1]} 25. Qd1 {[%emt 0:3:26]} Qe7 {[%emt 0:2:2]} 26. a4 {[%emt 0:0:45]
} b4 {[%emt 0:0:38]} 27. Qe2 {[%emt 0:0:23]} Nb6 {[%emt 0:0:0]} 28. Qd1 {[%emt 0:1:38]} a5 {[%emt 0:0:35]} 29. Ne5 {[%emt 0:0:31]} Bg7 {[%emt 0:1:13]} 30. Ng4 {[%emt 0:1:12]} f5 {[%emt 0:2:41]} 31. Nh6+ {[%emt 0:0:2]
} Kf8 {[%emt 0:0:1]} 32. d5 {[%emt 0:0:53]} Bxa1 {[%emt 0:0:0]} 33. Qxa1 {[%emt 0:0:8]} Rc3 {[%emt 0:0:1]} 34. Nxf5 {[%emt 0:0:44]} Qf6 {[%emt 0:1:23]} 35. Nd6 {[%emt 0:1:3]} Qd4 {[%emt 0:1:58]} 36. Rh7 {[%emt 0:0:51]
} Qxd3 {[%emt 0:0:36]} 37. Rf7+ {[%emt 0:0:1]} Kg8 {[%emt 0:0:0]} 38. Qh1 {[%emt 0:0:1]} 1-0

[Event "FIDE World Rapid-ch Open 2018"]
[White "Andreikin, Dmitry"]
[Black "Zubov, Alexander"]
[Site "St. Petersburg"]
[Round "15.11"]
[Annotator "TA"]
[Result "1/2-1/2"]
[Date "2018.12.28"]
[WhiteElo "2719"]
[BlackElo "2597"]
[PlyCount "76"]

1. e4 {} e5 2. Nf3 Nf6 3. Nc3 Nc6 4. Bb5 Bc5 5. Bxc6 dxc6 6. h3 {C48: Four Knights: 4 Bb5, replies other than 4...Bb4} Be6 7. d3 {LiveBook: 5 Games} Nd7 8. Ng5 (8. Qe2 {keeps more tension.} Bd6 9. Be3 f6 10. 0-0 0-0 11. Nh4 )Qe7 (8... Nf8 {is more complex.} 9. f4 exf4 10. Bxf4 Ng6 11. Qd2 Nxf4 12. Qxf4 Qd4 )9. Nxe6 Qxe6 10. Qg4 Qg6 11. Bd2 $146 ({Predecessor:} 11. Ne2 Bd6 12. Ng3 Nf8 13. Nf5 Ne6 {1/2-1/2 (49) Anand,V (2779)
-Nakamura,H (2779) Saint Louis 2016} )0-0-0 12. Ne2 Kb8 13. b4 Bd6 14. a4 c5 15. bxc5 Nxc5 16. Qf3 Rhf8 17. Ng3 Qe6 18. 0-0 {
} g6 19. Bh6 Rg8 20. Be3 Ka8 21. Rfb1 Rb8 22. Rb5 Qe7 23. a5 c6 24. Rb2 Rgd8 25. Nf1 Na6 26. Rb3 Bb4 27. Bd2 Bc5 28. Be3 Bb4 29. Ra4 Rd7 30. Bc1 Bc5 31. Nd2 Rf8 32. Qe2 f5 33. Nf3 Bd6 {Threatening ...Nc5.} 34. Rc4 Re8 {
The position is equal.} 35. Bb2 Nc5 36. Rbc3 Na6 37. Rb3 Nc5 38. Rbc3 Na6 {
Accuracy: White = 52%, Black = 60%.} 1/2-1/2

[Event "FIDE World Rapid-ch Open 2018"]
[White "Firouzja, Alireza"]
[Black "Zhigalko, Sergei"]
[Site "St. Petersburg"]
[Round "15.12"]
[Annotator "ChessBase"]
[Result "1-0"]
[Date "2018.12.28"]
[WhiteElo "2607"]
[BlackElo "2604"]
[PlyCount "73"]
[TimeControl "900+10"]

1. Nf3 {[%emt 0:0:0]} d5 {[%emt 0:0:0]} 2. d4 {[%emt 0:0:0]} e6 {[%emt 0:0:0]} 3. c4 {[%emt 0:0:0]} c6 {[%emt 0:0:0]} 4. Qc2 {[%emt 0:0:13]} dxc4 {[%emt 0:0:0]} 5. Qxc4 {[%emt 0:0:16]} Nf6 {[%emt 0:0:1]} 6. g3 {[%emt 0:0:0]} b5 {[%emt 0:0:2]} 7. Qb3 {[%emt 0:0:1]} Bb7 {[%emt 0:0:10]} 8. Bg2 {[%emt 0:0:3]} Nbd7 {[%emt 0:0:9]} 9. 0-0 {[%emt 0:0:8]} a6 {[%emt 0:0:0]} 10. a4 {[%emt 0:0:15]} Be7 {[%emt 0:0:34]} 11. Bg5 {[%emt 0:0:29]} 0-0 {[%emt 0:0:24]} 12. Nbd2 {[%emt 0:0:23]} Rc8 {[%emt 0:7:27]} 13. Rfc1 {[%emt 0:1:39]
} Qb6 {[%emt 0:1:18]} 14. Ne5 {[%emt 0:5:25]} Qxd4 {[%emt 0:0:0]} 15. Ndf3 {[%emt 0:0:28]} Qb4 {[%emt 0:0:51]} 16. Qxb4 {[%emt 0:0:6]} Bxb4 {[%emt 0:0:5]} 17. Bxf6 {[%emt 0:0:2]} Nxf6 {[%emt 0:0:13]} 18. Nd4 {[%emt 0:0:1]
} bxa4 {[%emt 0:1:22]} 19. Rxa4 {[%emt 0:1:3]} a5 {[%emt 0:0:0]} 20. Nexc6 {[%emt 0:0:33]} Rc7 {[%emt 0:2:14]} 21. Rca1 {[%emt 0:1:20]} Rfc8 {[%emt 0:1:56]} 22. Nxb4 {[%emt 0:0:15]} axb4 {[%emt 0:0:3]} 23. Rxb4 {[%emt 0:0:15]} Bxg2 {[%emt 0:0:23]} 24. Kxg2 {[%emt 0:0:1]} g6 {[%emt 0:0:0]} 25. Rba4 {[%emt 0:0:46]} Nd5 {[%emt 0:0:11]} 26. e4 {[%emt 0:1:40]} Nf6 {[%emt 0:0:1]} 27. Nb5 {[%emt 0:0:13]} Rc2 {[%emt 0:0:7]} 28. Nd6 {[%emt 0:0:35]
} R8c6 {[%emt 0:0:17]} 29. e5 {[%emt 0:1:9]} Nd7 {[%emt 0:0:0]} 30. Ra8+ {[%emt 0:1:9]} Kg7 {[%emt 0:0:3]} 31. R1a5 {[%emt 0:0:12]} Rxb2 {[%emt 0:0:30]} 32. Rd8 {[%emt 0:0:6]} Nb6 {[%emt 0:0:21]} 33. Ra7 {[%emt 0:0:6]
} Rcc2 {[%emt 0:0:10]} 34. Rxf7+ {[%emt 0:0:3]} Kh6 {[%emt 0:0:0]} 35. Rh8 {[%emt 0:0:8]} Nd5 {[%emt 0:0:11]} 36. Rhxh7+ {[%emt 0:0:0]} Kg5 {[%emt 0:0:1]} 37. Ne4+ {[%emt 0:0:1]} 1-0

[Event "FIDE World Rapid-ch Open 2018"]
[White "Anand, Viswanathan"]
[Black "Fridman, Daniel"]
[Site "St. Petersburg"]
[Round "15.13"]
[Annotator "TA"]
[Result "1/2-1/2"]
[Date "2018.12.28"]
[WhiteElo "2773"]
[BlackElo "2633"]
[PlyCount "76"]

1. c4 {} e6 2. Nc3 d5 3. d4 Be7 4. cxd5 exd5 5. Bf4 Nf6 6. e3 Bf5 7. Nge2 {D35: Queen's
Gambit Declined: Exchange Variation} 0-0 {LiveBook: 108 Games} 8. f3 $146 ({
Predecessor:} 8. Ng3 Be6 9. Bd3 c5 10. dxc5 Bxc5 11. 0-0 Nc6 12. a3 d4 13. Na4 Be7 14. e4 Nd7 15. Nf5 Nde5 16. Nxe7+ Qxe7 {0-1 (55) Nakamura,H (2780)-Topalov,
V (2749) Saint Louis 2017} )c5 9. g4 Be6 10. Bg2 Nc6 11. 0-0 Rc8 12. Bg3 Na5 13. b3 cxd4 14. exd4 Nc6 15. h3 {[#]} Nxd4 $1 {} 16. Nxd4 {
Black must now prevent Qd3.} ({But not} 16. Qxd4 $2 Bc5 $19 )Rxc3 17. Qe1 Qc8 18. Be5 Rc5 $1 19. Kh1 Re8 20. Qd2 Qd8 21. Rfe1 (21. Nxe6 $11 {remains
equal.} fxe6 22. f4 )Bd6 22. Rad1 Rc8 23. f4 Bxe5 (23... h6 {seems
wilder.} 24. Re2 Qe7 25. Nxe6 Qxe6 26. Bxd5 Nxd5 27. Qxd5 Rc1 )24. fxe5 {[#]} Ne4 $1 {} 25. Nxe6 (25. Bxe4 dxe4 )fxe6 26. Bxe4 dxe4 27. Rxe4 Qh4 {Threatens to win with ...Red8.} 28. Kg2 Rf8 29. Rd4 Rc7 30. Rd8 {The
position is equal.} Rxd8 31. Qxd8+ Qxd8 32. Rxd8+ $11 { Endgame
KR-KR} Kf7 33. h4 Rc2+ 34. Kf3 Rxa2 35. Rd7+ Kf8 36. Rxb7 a5 37. Rb8+ Kf7 38. Rb7+ Kf8 {Precision: White = 67%, Black = 73%.} 1/2-1/2